000 00225 a2200097 4500
001 44321
100 _aBenediet
245 _aElectronics for scientists & Engineers
260 _aN J
_bPrentice Hall
_c
090 _c28071
_d28071
942 _aNUST-CAE
_cM
_c20082
999 _c279394
_d279394